Atlas Thăng Long - Hà Nội

Giới thiệu những đặc điểm chung về Thăng Long - Hà Nội, về lịch sử hành chính thành phố Hà Nội qua các thời kì khác nhau. Các điều kiện tự nhiên và tài nguyên thiên nhiên, về cư dân, lao động, về tình hình phát triển kinh tế văn hóa, xa...

Ausführliche Beschreibung

Gespeichert in:
Bibliographische Detailangaben
1. Verfasser: Trương, Quang Hải
Format: Buch
Sprache:Undetermined
Veröffentlicht: Hà Nội Nhà xuất bản Hà Nội 2010
Schlagworte:
Tags: Tag hinzufügen
Keine Tags, Fügen Sie den ersten Tag hinzu!
Thư viện lưu trữ: Trung tâm Học liệu Trường Đại học Cần Thơ
LEADER 01073nam a2200205Ia 4500
001 CTU_167902
008 210402s9999 xx 000 0 und d
082 |a 911 
082 |b H103 
100 |a Trương, Quang Hải 
245 0 |a Atlas Thăng Long - Hà Nội 
245 0 |c Tổng chủ biên Trương Quang Hải...[ et al.] 
260 |a Hà Nội 
260 |b Nhà xuất bản Hà Nội 
260 |c 2010 
520 |a Giới thiệu những đặc điểm chung về Thăng Long - Hà Nội, về lịch sử hành chính thành phố Hà Nội qua các thời kì khác nhau. Các điều kiện tự nhiên và tài nguyên thiên nhiên, về cư dân, lao động, về tình hình phát triển kinh tế văn hóa, xã hội của thủ đô... 
650 |a Hà Nội (Việt Nam),Hà Nội (Việt Nam) 
650 |x Lịch sử,Cơ quan hành chính và chính trị 
904 |i Năm 
980 |a Trung tâm Học liệu Trường Đại học Cần Thơ